Mecánica de fluidos
Guardat en:
| Autor principal: | |
|---|---|
| Format: | Llibre |
| Idioma: | espanyol |
| Publicat: |
Bogotá
McGraw-Hill
1995
|
| Matèries: | |
| Etiquetes: |
Afegir etiqueta
Sense etiquetes, Sigues el primer a etiquetar aquest registre!
|
MARC
| LEADER | 00000nam a2200000 a 4500 | ||
|---|---|---|---|
| 001 | UCY6838 | ||
| 003 | CL-VaPUC | ||
| 008 | 950602e19950100CK |||||||||||||||||spa|d | ||
| 020 | |a 9566002462 | ||
| 082 | 0 | 4 | |a 532 |b SHA |2 21 |
| 100 | 0 | |a Shames, Irving Herman |e author |9 336931 | |
| 245 | 1 | 0 | |a Mecánica de fluidos |
| 300 | |a 825 p | ||
| 942 | |c BK | ||
| 945 | |d 19950602 00:00:00 |a awong | ||
| 260 | |a Bogotá |b McGraw-Hill |c 1995 | ||
| 650 | 0 | |a Mecánica de fluidos |9 259464 | |
| 650 | 7 | |a TURBOMAQUINARIA |2 CL-VaPUC |9 336932 | |
| 583 | |a last modification |c 19950602 00:00:00 |k Rodrigo Vera | ||
| 999 | |c 234335 |d 234333 | ||
| 952 | |0 0 |1 0 |4 0 |6 532_000000000000000_SHA_1995 |7 0 |8 R |9 240495 |a BIBMEC |b BIBMEC |d 2019-11-18 |i 3087328 |l 3 |o 532 SHA 1995 |p 3087328 |r 2024-01-19 |s 2023-05-10 |w 2019-11-18 |y BK_R |k MEC | ||
| 952 | |0 0 |1 0 |4 0 |6 532_000000000000000_SHA_1995 |7 0 |8 R |9 240496 |a BIBMEC |b BIBMEC |d 2019-11-18 |i 3087336 |l 1 |o 532 SHA 1995 |p 3087336 |r 2024-01-19 |s 2022-04-11 |w 2019-11-18 |y BK_R |k MEC | ||
| 952 | |0 0 |1 0 |4 0 |6 532_000000000000000_SHA_1995 |7 0 |8 R |9 240497 |a BIBMEC |b BIBMEC |d 2019-11-18 |i 316473K |l 2 |o 532 SHA 1995 |p 316473K |r 2024-01-19 |s 2023-12-11 |w 2019-11-18 |y BK_R |k MEC | ||
| 952 | |0 0 |1 0 |4 0 |6 532_000000000000000_SHA_1995 |7 0 |8 R |9 240498 |a BIBMEC |b BIBMEC |d 2019-11-18 |i 3222373 |l 4 |o 532 SHA 1995 |p 3222373 |r 2024-01-19 |s 2023-03-27 |w 2019-11-18 |y BK_R |k MEC | ||
| 952 | |0 0 |1 0 |4 0 |6 532_000000000000000_SHA_1995 |7 0 |8 R |9 240499 |a BIBMEC |b BIBMEC |d 2019-11-18 |i 3282473 |o 532 SHA 1995 |p 3282473 |r 2019-11-18 |w 2019-11-18 |y BK_R |k MEC | ||
| 952 | |0 0 |1 0 |4 0 |6 532_000000000000000_SHA_1995 |7 0 |8 R |9 240501 |a BIBMEC |b BIBMEC |d 2019-11-18 |i 3285588 |l 1 |o 532 SHA 1995 |p 3285588 |r 2024-01-19 |s 2023-07-06 |w 2019-11-18 |y BK_R |k MEC | ||
| 952 | |0 0 |1 0 |4 0 |6 532_000000000000000_SHA_1995 |7 0 |8 R |9 240502 |a BIBMEC |b BIBMEC |d 2019-11-18 |i 3550850 |o 532 SHA 1995 |p 3550850 |r 2024-01-19 |w 2019-11-18 |y BK_R |k MEC | ||
| 952 | |0 0 |1 0 |4 0 |6 532_000000000000000_SHA_1995 |7 0 |8 R |9 240503 |a BIBMEC |b BIBMEC |d 2019-11-18 |i 3685330 |o 532 SHA 1995 |p 3685330 |r 2024-01-19 |w 2019-11-18 |y BK_R |k MEC | ||
| 952 | |0 0 |1 0 |4 0 |6 532_000000000000000_SHA_1995 |7 0 |8 CCM |9 240504 |a BIBCUR |b BIBCUR |d 2019-11-18 |i 3734196 |o 532 SHA 1995 |p 3734196 |r 2025-04-22 |w 2019-11-18 |y BK_R |k CIM | ||
| 952 | |0 0 |1 0 |4 0 |6 532_000000000000000_SHA_1995 |7 0 |8 CCM |9 240505 |a BIBCUR |b BIBCUR |d 2019-11-18 |i 373420K |o 532 SHA 1995 |p 373420K |r 2025-04-22 |w 2019-11-18 |y BK_R |k CIM | ||
| 952 | |0 0 |1 0 |4 0 |6 532_000000000000000_SHA_1995 |7 0 |8 A |9 240506 |a BIBING |b BIBING |d 2019-11-18 |i 3779270 |l 2 |o 532 SHA 1995 |p 3779270 |r 2025-01-20 |s 2023-06-07 |w 2019-11-18 |y BK |k EIQ | ||
| 952 | |0 0 |1 0 |4 0 |6 532_000000000000000_SHA_1995 |7 0 |8 A |9 240507 |a BIBING |b BIBING |d 2019-11-18 |i 4209060 |o 532 SHA 1995 |p 4209060 |r 2025-01-20 |w 2019-11-18 |y BK |k CIC | ||